| 000 | 00000cas 2200000za 4500 |
| 001 | 9.862998 |
| 003 | CaOODSP |
| 005 | 20251212084300 |
| 007 | cr ||||||||||| |
| 008 | 180125c20169999oncar p o f0###b0fre|d |
| 040 | |aCaOODSP|bfre |
| 043 | |an-cn--- |
| 086 | 1 |aRv1-36F-PDF|zRv47-7/2016F-PDF |
| 245 | 00|aAllocation canadienne pour enfants et les programmes provinciaux et territoriaux connexes |h[ressource électronique]. |
| 246 | 3 |iLes livraisons 2021/2022 - comportent le titre : |aAllocation canadienne pour enfants et les programmes fédéraux, provinciaux et territoriaux connexes |
| 260 | |a[Ottawa] : |bAgence du revenu du Canada, |c2016- |
| 310 | |aAnnuel |
| 362 | 1 |aParaît depuis 2016. |
| 500 | |aPubli. aussi en anglais sous le titre : Canada Child Benefit and related provincial and territorial programs. |
| 500 | |aTitre de la couv. |
| 692 | 07|2gccst|aServices gouvernementaux |
| 692 | 07|2gccst|aPension alimentaire |
| 710 | 2 |aAgence du revenu du Canada. |
| 775 | 08|tCanada Child Benefit and related provincial and territorial programs |w(CaOODSP)9.862997 |
| 986 | |aT4114(F) |